000 nam a22 7a 4500
999 _c129444
_d129444
008 190425b xxu||||| |||| 00| 0 eng d
020 _a0 521 08583 7
050 _aDT510.43.965 G66 1973
100 _aGoody, Easther N.
_945944
245 _aContexts of kinship:
_ban essay in the family sociology of the Gonja of Northern Ghana
_c/ by Esther N. Goody
260 _aLondon:
_bCampridge University Press,
_c1973.
300 _axiv, 335p. ;
_c24cm.
440 _nno. 7
_945945
_aCambridge Studies in Social Anthropology
650 _aGonja (African people)
_xsocial life and custom
_945946
650 _aKinship
_zGhana
_945947
650 _aSocial structure
_zGhana
_945948
650 _aGhana
_xsocial life and custom
_945949
942 _2lcc
_cMONOGRAPH